000 00822nam a2200265 i 4500
001 15072
003 BD-RjUL
005 20211208235738.0
008 140209s19851976enk 001 0 eng
020 _a0333196082 :
_a0333196090
035 _a(BD-RjUL)15126
040 _aDLC
_cDLC
_dDLC
_beng
041 _aeng
082 0 0 _a657.42
_bLAV 1985
100 1 _aLaidler, Ernest.
_946930
245 1 0 _aVariance accounting /
_cErnest Laidler.
260 _aLondon :
_bMacmillan in association with the Institute of Cost and Management Accountants,
_cC1976.[reprinting 1985]
300 _axiv, 135 p. ;
_c23 cm.
504 _aIncludes index.
650 0 _aCost accounting.
_946931
710 2 _aInstitute of Cost and Management Accountants.
_946932
942 _2ddc
_cBK
999 _c15072
_d15072